000 00641nam a2200229Ia 4500
003 OSt
005 20220928101606.0
006 a|||||r|||| 00| 0
007 ta
008 220927b |||||||| |||| 00| 0 hin d
024 _a63752
037 _cTextual
040 _aSDCL
_cSDCL
_bhin
041 _2hin
_ahin
082 _aO152,1I00:g (R), P3
100 _aBramchari Ramshry Das
_9392178
245 0 _aSant kabir aur unka darsan
260 _aNew Delhi
_bPraksahan santain
_c2003
300 _a1;278p
_ccm.
942 _hO152,1I00:g (R), P3
_cTEXL
_2CC
999 _c707979
_d707979